00600nam a2200217Ia 4500008004100000020001500041050000800056050000900064100002000073245002900093245005500122260002000177260003800197260000900235300001600244300002700260300001100287440003400298650003300332650001700365170203s9999 xx 000 0 und d a9831480961 aFic bL778 aWalsh, Ursula.  aLittle red riding hood / cadapted by Ursula Walsh with Munro Communications. aKuala Lumpur :  bKohwai & Young Publications (M),  c2006 a16 pages :  bcolor illustrations ;  c26 cm. aFavourite fairy tales series. aChildren's stories, English. aFairy tales.